000 01266nam2a22002891 4500
001 v19\rc\1908576
005 20251118180546.1
035 _a(NLR Aleph) 004997446
090 _a6350820
_c6350820
100 _a20080404d1913 u y0rusy50 ca
101 0 _arus
102 _aRU
105 _ay z |||||
200 0 _aза 1912 год
210 _d1913
215 _a82 с.
461 0 _1001v19\rc\1908572
_12001#$aОтчет Роменской городской управы о деятельности Городского общественного управления и о состоянии городского хозяйства...$vза 1912 год
_96350784
_aРоменская городская управа
_cРомны
_d1909-1913
_tОтчет Роменской городской управы о деятельности Городского общественного управления и о состоянии городского хозяйства...
_vза 1912 год
801 0 _aRU
_bNLR
_gpsbo
801 0 _aRU
_bRuMoRGB
_2psbo
801 1 _aRU
_bProSoft-M
_2rusmarc
852 _aNLR
_j19.49.1.18(5)
899 _aRuMoRGB
_jT 28/311
899 _aRuMoRGB
_jA 139/40
899 _aБАН
899 _aГПИБ
942 _cBOOK
980 _aNB